<?xml version="1.0" encoding="UTF-8"?>
<record
    xmlns:xsi="http://www.w3.org/2001/XMLSchema-instance"
    xsi:schemaLocation="http://www.loc.gov/MARC21/slim http://www.loc.gov/standards/marcxml/schema/MARC21slim.xsd"
    xmlns="http://www.loc.gov/MARC21/slim">

  <leader>01137nam a22003377a 4500</leader>
  <controlfield tag="003">OSt</controlfield>
  <controlfield tag="005">20240606112405.0</controlfield>
  <controlfield tag="008">240605b           ||||| |||| 00| 0 eng d</controlfield>
  <datafield tag="022" ind1=" " ind2=" ">
    <subfield code="2">00129976</subfield>
  </datafield>
  <datafield tag="040" ind1=" " ind2=" ">
    <subfield code="c">AIMIT LIBRARY</subfield>
  </datafield>
  <datafield tag="082" ind1=" " ind2=" ">
    <subfield code="a">330</subfield>
    <subfield code="b">ECOP</subfield>
  </datafield>
  <datafield tag="110" ind1=" " ind2=" ">
    <subfield code="a">Sameeksha Trust Publication</subfield>
    <subfield code="9">169275</subfield>
  </datafield>
  <datafield tag="245" ind1=" " ind2=" ">
    <subfield code="a">Economic &amp; Political Weekly /</subfield>
    <subfield code="c">By EPW Research Foundation.</subfield>
  </datafield>
  <datafield tag="260" ind1=" " ind2=" ">
    <subfield code="a">Mumbai :</subfield>
    <subfield code="b">Sameeksha Trust Publication ,</subfield>
    <subfield code="c">2014.</subfield>
  </datafield>
  <datafield tag="300" ind1=" " ind2=" ">
    <subfield code="b">HB</subfield>
    <subfield code="c">26.4 cm.</subfield>
  </datafield>
  <datafield tag="440" ind1=" " ind2=" ">
    <subfield code="v">Vol.49 No.26&amp;27-2014</subfield>
  </datafield>
  <datafield tag="440" ind1=" " ind2=" ">
    <subfield code="v">Vol.49 No.15,17-24/2014</subfield>
  </datafield>
  <datafield tag="440" ind1=" " ind2=" ">
    <subfield code="v">Vol.50 No.1-10/2015</subfield>
  </datafield>
  <datafield tag="440" ind1=" " ind2=" ">
    <subfield code="v">Vol.49 No.25&amp;28,32&amp;33,36-40/2014</subfield>
  </datafield>
  <datafield tag="440" ind1=" " ind2=" ">
    <subfield code="v">Vol.50 No.11,13-20/2015</subfield>
  </datafield>
  <datafield tag="440" ind1=" " ind2=" ">
    <subfield code="v">Vol.49 No.2-4, 7,9-14/2014</subfield>
  </datafield>
  <datafield tag="440" ind1=" " ind2=" ">
    <subfield code="v">Vol.49 No.41-48,50-52/2014</subfield>
  </datafield>
  <datafield tag="440" ind1=" " ind2=" ">
    <subfield code="v">Vol.50 No.41-43,45-52/2015.</subfield>
  </datafield>
  <datafield tag="440" ind1=" " ind2=" ">
    <subfield code="v">Vol.50 No.26-30/2015.</subfield>
  </datafield>
  <datafield tag="440" ind1=" " ind2=" ">
    <subfield code="v">Vol.50 No.31-40/2015.</subfield>
  </datafield>
  <datafield tag="650" ind1=" " ind2=" ">
    <subfield code="a">Intelligence bureau and its not very intelligent report on NGOS</subfield>
    <subfield code="9">169276</subfield>
  </datafield>
  <datafield tag="650" ind1=" " ind2=" ">
    <subfield code="a">Elections in hungary</subfield>
    <subfield code="9">169277</subfield>
  </datafield>
  <datafield tag="650" ind1=" " ind2=" ">
    <subfield code="a">Deregulating capital regulating labour</subfield>
    <subfield code="9">169278</subfield>
  </datafield>
  <datafield tag="650" ind1=" " ind2=" ">
    <subfield code="a">Defining an absence</subfield>
    <subfield code="9">169279</subfield>
  </datafield>
  <datafield tag="942" ind1=" " ind2=" ">
    <subfield code="2">ddc</subfield>
    <subfield code="c">BV</subfield>
    <subfield code="k">330 ECOP</subfield>
  </datafield>
  <datafield tag="999" ind1=" " ind2=" ">
    <subfield code="c">231038</subfield>
    <subfield code="d">231038</subfield>
  </datafield>
  <datafield tag="952" ind1=" " ind2=" ">
    <subfield code="0">0</subfield>
    <subfield code="1">0</subfield>
    <subfield code="2">ddc</subfield>
    <subfield code="4">0</subfield>
    <subfield code="7">0</subfield>
    <subfield code="8">MBA</subfield>
    <subfield code="a">AIMIT</subfield>
    <subfield code="b">AIMIT</subfield>
    <subfield code="c">BV</subfield>
    <subfield code="d">2024-06-05</subfield>
    <subfield code="h">Vol. 49 No.26&amp;27-2014</subfield>
    <subfield code="l">0</subfield>
    <subfield code="o">330 ECOP</subfield>
    <subfield code="p">BVM695</subfield>
    <subfield code="r">2024-06-05 00:00:00</subfield>
    <subfield code="u">epwrf@vsnl.com</subfield>
    <subfield code="w">2024-06-05</subfield>
    <subfield code="y">BV</subfield>
  </datafield>
  <datafield tag="952" ind1=" " ind2=" ">
    <subfield code="0">0</subfield>
    <subfield code="1">0</subfield>
    <subfield code="2">ddc</subfield>
    <subfield code="4">0</subfield>
    <subfield code="7">0</subfield>
    <subfield code="8">MBA</subfield>
    <subfield code="a">AIMIT</subfield>
    <subfield code="b">AIMIT</subfield>
    <subfield code="c">BV</subfield>
    <subfield code="d">2024-06-05</subfield>
    <subfield code="h">Vol.49 No.15,17-24/2014</subfield>
    <subfield code="l">0</subfield>
    <subfield code="o">330 ECOP</subfield>
    <subfield code="p">BVM693</subfield>
    <subfield code="r">2024-06-05 00:00:00</subfield>
    <subfield code="u">epwrf@vsnl.com</subfield>
    <subfield code="w">2024-06-05</subfield>
    <subfield code="y">BV</subfield>
  </datafield>
  <datafield tag="952" ind1=" " ind2=" ">
    <subfield code="0">0</subfield>
    <subfield code="1">0</subfield>
    <subfield code="2">ddc</subfield>
    <subfield code="4">0</subfield>
    <subfield code="7">0</subfield>
    <subfield code="8">MBA</subfield>
    <subfield code="a">AIMIT</subfield>
    <subfield code="b">AIMIT</subfield>
    <subfield code="c">BV</subfield>
    <subfield code="d">2024-06-05</subfield>
    <subfield code="h">Vol.50 No.1-10/2015</subfield>
    <subfield code="l">0</subfield>
    <subfield code="o">330 ECOP</subfield>
    <subfield code="p">BVM697</subfield>
    <subfield code="r">2024-06-05 00:00:00</subfield>
    <subfield code="u">epwrf@vsnl.com</subfield>
    <subfield code="w">2024-06-05</subfield>
    <subfield code="y">BV</subfield>
  </datafield>
  <datafield tag="952" ind1=" " ind2=" ">
    <subfield code="0">0</subfield>
    <subfield code="1">0</subfield>
    <subfield code="2">ddc</subfield>
    <subfield code="4">0</subfield>
    <subfield code="7">0</subfield>
    <subfield code="8">MBA</subfield>
    <subfield code="a">AIMIT</subfield>
    <subfield code="b">AIMIT</subfield>
    <subfield code="c">BV</subfield>
    <subfield code="d">2024-06-05</subfield>
    <subfield code="h">Vol.49 No.25&amp;28,32&amp;33,36-40/2014</subfield>
    <subfield code="l">0</subfield>
    <subfield code="o">330 ECOP</subfield>
    <subfield code="p">BVM694</subfield>
    <subfield code="r">2024-06-05 00:00:00</subfield>
    <subfield code="u">epwrf@vsnl.com</subfield>
    <subfield code="w">2024-06-05</subfield>
    <subfield code="y">BV</subfield>
  </datafield>
  <datafield tag="952" ind1=" " ind2=" ">
    <subfield code="0">0</subfield>
    <subfield code="1">0</subfield>
    <subfield code="2">ddc</subfield>
    <subfield code="4">0</subfield>
    <subfield code="7">0</subfield>
    <subfield code="8">MBA</subfield>
    <subfield code="a">AIMIT</subfield>
    <subfield code="b">AIMIT</subfield>
    <subfield code="c">BV</subfield>
    <subfield code="d">2024-06-05</subfield>
    <subfield code="h">Vol.50 No.11,13-20/2015</subfield>
    <subfield code="l">0</subfield>
    <subfield code="o">330 ECOP</subfield>
    <subfield code="p">BVM698</subfield>
    <subfield code="r">2024-06-06 00:00:00</subfield>
    <subfield code="u">epwrf@vsnl.com</subfield>
    <subfield code="w">2024-06-05</subfield>
    <subfield code="y">BV</subfield>
  </datafield>
  <datafield tag="952" ind1=" " ind2=" ">
    <subfield code="0">0</subfield>
    <subfield code="1">0</subfield>
    <subfield code="2">ddc</subfield>
    <subfield code="4">0</subfield>
    <subfield code="7">0</subfield>
    <subfield code="8">MBA</subfield>
    <subfield code="a">AIMIT</subfield>
    <subfield code="b">AIMIT</subfield>
    <subfield code="c">BV</subfield>
    <subfield code="d">2024-06-05</subfield>
    <subfield code="h">Vol.49 No.2-4,7,9-14/2014</subfield>
    <subfield code="l">0</subfield>
    <subfield code="o">330 ECOP</subfield>
    <subfield code="p">BVM692</subfield>
    <subfield code="r">2024-06-06 00:00:00</subfield>
    <subfield code="u">epwrf@vsnl.com</subfield>
    <subfield code="w">2024-06-05</subfield>
    <subfield code="y">BV</subfield>
  </datafield>
  <datafield tag="952" ind1=" " ind2=" ">
    <subfield code="0">0</subfield>
    <subfield code="1">0</subfield>
    <subfield code="2">ddc</subfield>
    <subfield code="4">0</subfield>
    <subfield code="7">0</subfield>
    <subfield code="8">MBA</subfield>
    <subfield code="a">AIMIT</subfield>
    <subfield code="b">AIMIT</subfield>
    <subfield code="c">BV</subfield>
    <subfield code="d">2024-06-05</subfield>
    <subfield code="h">Vol.49 No.41-48,50-52/2014</subfield>
    <subfield code="l">0</subfield>
    <subfield code="o">330 ECOP</subfield>
    <subfield code="p">BVM696</subfield>
    <subfield code="r">2024-06-06 00:00:00</subfield>
    <subfield code="u">epwrf@vsnl.com</subfield>
    <subfield code="w">2024-06-05</subfield>
    <subfield code="y">BV</subfield>
  </datafield>
  <datafield tag="952" ind1=" " ind2=" ">
    <subfield code="0">0</subfield>
    <subfield code="1">0</subfield>
    <subfield code="2">ddc</subfield>
    <subfield code="4">0</subfield>
    <subfield code="7">0</subfield>
    <subfield code="8">MBA</subfield>
    <subfield code="a">AIMIT</subfield>
    <subfield code="b">AIMIT</subfield>
    <subfield code="c">BV</subfield>
    <subfield code="d">2024-06-05</subfield>
    <subfield code="h">Vol.50 No.21-27/2015</subfield>
    <subfield code="l">0</subfield>
    <subfield code="o">330 ECOP</subfield>
    <subfield code="p">BVM699</subfield>
    <subfield code="r">2024-06-06 00:00:00</subfield>
    <subfield code="u">epwrf@vsnl.com</subfield>
    <subfield code="w">2024-06-05</subfield>
    <subfield code="y">BV</subfield>
  </datafield>
  <datafield tag="952" ind1=" " ind2=" ">
    <subfield code="0">0</subfield>
    <subfield code="1">0</subfield>
    <subfield code="2">ddc</subfield>
    <subfield code="4">0</subfield>
    <subfield code="7">0</subfield>
    <subfield code="8">MBA</subfield>
    <subfield code="a">AIMIT</subfield>
    <subfield code="b">AIMIT</subfield>
    <subfield code="c">BV</subfield>
    <subfield code="d">2024-06-05</subfield>
    <subfield code="h">Vo.50 No.41-43,45-52/2015</subfield>
    <subfield code="l">0</subfield>
    <subfield code="o">330 ECOP</subfield>
    <subfield code="p">BVM702</subfield>
    <subfield code="r">2024-06-06 00:00:00</subfield>
    <subfield code="u">epwrf@vsnl.com</subfield>
    <subfield code="w">2024-06-05</subfield>
    <subfield code="y">BV</subfield>
  </datafield>
  <datafield tag="952" ind1=" " ind2=" ">
    <subfield code="0">0</subfield>
    <subfield code="1">0</subfield>
    <subfield code="2">ddc</subfield>
    <subfield code="4">0</subfield>
    <subfield code="7">0</subfield>
    <subfield code="8">MBA</subfield>
    <subfield code="a">AIMIT</subfield>
    <subfield code="b">AIMIT</subfield>
    <subfield code="c">BV</subfield>
    <subfield code="d">2024-06-05</subfield>
    <subfield code="h">Vol.50 No.26-30/2015</subfield>
    <subfield code="l">0</subfield>
    <subfield code="o">330 ECOP</subfield>
    <subfield code="p">BVM700</subfield>
    <subfield code="r">2024-06-06 00:00:00</subfield>
    <subfield code="u">epwrf@vsnl.com</subfield>
    <subfield code="w">2024-06-05</subfield>
    <subfield code="y">BV</subfield>
  </datafield>
  <datafield tag="952" ind1=" " ind2=" ">
    <subfield code="0">0</subfield>
    <subfield code="1">0</subfield>
    <subfield code="2">ddc</subfield>
    <subfield code="4">0</subfield>
    <subfield code="7">0</subfield>
    <subfield code="8">MBA</subfield>
    <subfield code="a">AIMIT</subfield>
    <subfield code="b">AIMIT</subfield>
    <subfield code="c">BV</subfield>
    <subfield code="d">2024-06-05</subfield>
    <subfield code="h">Vol.50 No.31-40/2015</subfield>
    <subfield code="l">0</subfield>
    <subfield code="o">330 ECOP</subfield>
    <subfield code="p">BVM701</subfield>
    <subfield code="r">2024-06-06 00:00:00</subfield>
    <subfield code="u">epwrf@vsnl.com</subfield>
    <subfield code="w">2024-06-05</subfield>
    <subfield code="y">BV</subfield>
  </datafield>
</record>
